| 000 | 00536nam a2200181 i 4500 | ||
|---|---|---|---|
| 001 | 23129 | ||
| 003 | ES-MaACL | ||
| 007 | t| | ||
| 008 | 021209s1968 sp ||||1| spa d | ||
| 100 | 1 |
_aAlvarez, Garce de Jesús C. _920635 |
|
| 245 | 1 | 0 |
_aTopónimos en apellidos hispanos / _cGrace de Jesús C. |
| 260 |
_a[Madrid : _bCastalia, _c1968] |
||
| 300 |
_a587 p., 2 lám. ; _c24 cm. |
||
| 490 | 1 | _aEstudios de Hispanófila | |
| 830 | 0 |
_aEstudios de Hispanófila _9186419 |
|
| 852 |
_aES-MaACL _jE-8133 _bR.92733 |
||
| 999 |
_c23129 _d23129 |
||